书目信息 |
| 题名: |
地道日式家常味
|
|
| 作者: | 郭静黛 著 | |
| 分册: | ||
| 出版信息: | 北京 华夏出版社 2017.04 |
|
| 页数: | 203页 | |
| 开本: | 23cm | |
| 丛书名: | ||
| 单 册: | ||
| 中图分类: | TS972.183.13 | |
| 科图分类: | ||
| 主题词: | 菜谱--cai pu--日本 | |
| 电子资源: | ||
| ISBN: | 978-7-5080-9013-9 | |
| 000 | 01065nam0 2200277 450 | |
| 001 | CAL 0120161763278 | |
| 005 | 20170516134258.3 | |
| 010 | @a978-7-5080-9013-9@b@dCNY49.00 | |
| 100 | @a20170515d2017 em y0chiy50 ea | |
| 101 | 0 | @achi |
| 102 | @aCN@b110000 | |
| 105 | @aa z 000yy | |
| 106 | @ar | |
| 200 | 1 | @a地道日式家常味@Adi dao ri shi jia chang wei@e来自日本家庭的82道暖心料理@f郭静黛著@g |
| 210 | @a北京@c华夏出版社@d2017.04 | |
| 215 | @a203页@c彩图@d23cm | |
| 306 | @a经由时报文化出版公司授权出版 | |
| 314 | @a郭静黛, 料理资历25年。 | |
| 330 | @a本书共分为关东地区 松浦妈妈的家常味 ; 关东地区 小林爷爷的温情料理 ; 关西地区 料理家智子的京料理 ; 中部地区 铃木妈妈的日本好味四部分, 其主要内容包括: 关东关西的玉子烧, 调味大不同 ; 日式便当二三事等。 | |
| 517 | 1 | @a来自日本家庭的82道暖心料理@Alai zi ri ben jia ting de 82 dao nuan xin liao li |
| 606 | 0 | @a菜谱@Acai pu@y日本 |
| 690 | @aTS972.183.13@v5 | |
| 701 | 0 | @a郭静黛@Aguo jing dai@4著 |
| 801 | 0 | @aCN@b人天书店@c20170515@g |
| 905 | @aBZT@dTS972.183.13@e3 | |
| 906 | @dCNY49.00@n3@r1 | |
| 地道日式家常味:来自日本家庭的82道暖心料理/郭静黛著.-北京:华夏出版社,2017.04 |
| 203页:彩图;23cm |
| ISBN 978-7-5080-9013-9:CNY49.00 |
| 本书共分为关东地区 松浦妈妈的家常味 ; 关东地区 小林爷爷的温情料理 ; 关西地区 料理家智子的京料理 ; 中部地区 铃木妈妈的日本好味四部分, 其主要内容包括: 关东关西的玉子烧, 调味大不同 ; 日式便当二三事等。 |
| ● |
| 相关链接 |
|
|
|
正题名:地道日式家常味
索取号:TS972.183.13/3
 
预约/预借
| 序号 | 登录号 | 条形码 | 馆藏地/架位号 | 状态 | 备注 |
| 1 | 850109 | 2000850109 | 第二书库/ [索取号:TS972.183.13/3] | 在馆 | |
| 2 | 850110 | 2000850110 | 第二书库/ [索取号:TS972.183.13/3] | 在馆 | |
| 3 | 850111 | 2000850111 | 第二书库/ [索取号:TS972.183.13/3] | 在馆 |